[Event "Scarborough CC Falling Leaves"]
[Site "Toronto CAN"]
[Date "2009.12.17"]
[Round "7"]
[White "Radpey, Abdolreza"]
[Black "Poirier, Vincent"]
[Result "1-0"]
[WhiteElo "1508"]
[BlackElo "1780"]
[PlyCount "111"]
[GameId "2160767910096079"]
[EventDate "2009.11.05"]
[EventType "swiss"]
[EventRounds "7"]
[EventCountry "CAN"]
[SourceTitle "EXT 2011"]
[Source "ChessBase"]
[SourceDate "2011.11.26"]
[SourceVersion "1"]
[SourceVersionDate "2011.11.26"]
[SourceQuality "1"]

1. Nf3 d5 2. d4 Bf5 3. c4 e6 4. Nc3 Nf6 5. Bg5 Be7 6. e3 O-O 7. Be2 dxc4 8. Bxc4 Bg4 9. h3 Bh5 10. g4 Bg6 11. O-O Nbd7 12. Nd2 c6 13. a3 e5 14. Bxf6 Bxf6 15. Nde4 Be7 16. d5 cxd5 17. Qxd5 Nb6 18. Qxd8 Rfxd8 19. Ba2 Rac8 20. Rad1 Kf8 21. Rxd8+ Rxd8 22. Ng3 Rd2 23. Bb1 Rxb2 24. Bxg6 hxg6 25. Ra1 Rb3 26. Nb1 Nc4 27. a4 a5 28. Ne4 f5 29. Ned2 Rb4 30. Nxc4 Rxc4 31. Nd2 Rb4 32. Nf3 Bf6 33. g5 e4 34. gxf6 exf3 35. fxg7+ Kxg7 36. Kh2 g5 37. Kg3 g4 38. Rd1 Rxa4 39. Rd7+ Kf6 40. Rxb7 Re4 41. h4 Kg6 42. Rb8 a4 43. Rg8+ Kf7 44. Ra8 Ke6 45. h5 Kf7 46. Kh4 Rxe3 47. Rxa4 Re2 48. Kg3 Kf6 49. h6 Kg6 50. Ra6+ Kh7 51. Rf6 Re4 52. Kh4 Re2 53. Kg5 Re8 54. Rf7+ Kg8 55. Rxf5 Rf8 56. h7+ 1-0

[Event "Scarborough CC Falling Leaves"]
[Site "Toronto CAN"]
[Date "2009.12.17"]
[Round "7"]
[White "Rutherdale, William"]
[Black "Bao, Stephen"]
[Result "1-0"]
[WhiteElo "1772"]
[BlackElo "1524"]
[PlyCount "120"]
[GameId "2160767910096080"]
[EventDate "2009.11.05"]
[EventType "swiss"]
[EventRounds "7"]
[EventCountry "CAN"]
[SourceTitle "EXT 2011"]
[Source "ChessBase"]
[SourceDate "2011.11.26"]
[SourceVersion "1"]
[SourceVersionDate "2011.11.26"]
[SourceQuality "1"]

1. d4 Nf6 2. c4 e6 3. Nc3 d5 4. Bg5 Be7 5. Nf3 Nbd7 6. e3 h6 7. Bh4 b6 8. Bd3 Ba6 9. cxd5 Bxd3 10. Qxd3 Nxd5 11. Nxd5 exd5 12. Bxe7 Qxe7 13. O-O a5 14. Rfc1 Rc8 15. Qf5 Qd6 16. Ne5 Qe6 17. Qxe6+ fxe6 18. Nc6 Nf6 19. Na7 Ra8 20. Rxc7 O-O 21. Rac1 Ne8 22. Re7 Rf7 23. Rxf7 Kxf7 24. Nc6 Kf6 25. Ne5 Ra7 26. Rc6 Rc7 27. Rxc7 Nxc7 28. Nd7+ Kf5 29. Nxb6 Ke4 30. Na4 Kd3 31. Nc5+ Kc2 32. b3 Kc3 33. Kf1 Kb4 34. a4 e5 35. Ke2 exd4 36. exd4 Kc3 37. Ke3 Ne8 38. f4 Nf6 39. h3 Nh5 40. g4 Ng3 41. f5 Nf1+ 42. Kf2 Nd2 43. Ne6 Ne4+ 44. Ke3 Kxb3 45. Nc5+ Kb4 46. Nxe4 dxe4 47. d5 Kxa4 48. Kxe4 Kb5 49. Ke5 a4 50. d6 a3 51. d7 a2 52. d8=Q a1=Q+ 53. Ke6 Qe1+ 54. Kf7 Qg3 55. Qd5+ Kb6 56. Qe6+ Kb5 57. Kxg7 Qxh3 58. Qg6 Kc5 59. f6 Qc3 60. Kxh6 Kd5 1-0

[Event "Scarborough CC Falling Leaves"]
[Site "Toronto CAN"]
[Date "2009.12.17"]
[Round "7"]
[White "Smith, Maurice"]
[Black "Rapoport, Alexander"]
[Result "0-1"]
[WhiteElo "1654"]
[BlackElo "1870"]
[PlyCount "86"]
[GameId "2160767910096081"]
[EventDate "2009.11.05"]
[EventType "swiss"]
[EventRounds "7"]
[EventCountry "CAN"]

1. d4 d5 2. c4 e6 3. Nc3 f5 4. Nf3 Nf6 5. Bg5 Be7 6. e3 O-O 7. Bd3 Ne4 8. Bxe7 Qxe7 9. Ne5 c6 10. O-O Nd7 11. Rc1 Rf6 12. Ne2 Rh6 13. g3 Nxe5 14. dxe5 Qc7 15. f4 Qb6 16. Nd4 Qxb2 17. Rc2 Qa3 18. Nb3 Bd7 19. Bxe4 fxe4 20. Qd4 Qe7 21. Nc5 Be8 22. cxd5 exd5 23. Rcf2 Bh5 24. Nb3 b6 25. Nd2 Rd8 26. f5 c5 27. Qc3 Re8 28. f6 gxf6 29. exf6 Qf7 30. Rf5 Be2 31. R1f4 Ba6 32. Rg5+ Rg6 33. Rfg4 Bc8 34. Rxg6+ hxg6 35. Rf4 g5 36. Rf1 Bh3 37. Re1 Re6 38. a4 Rxf6 39. Qe5 Rf5 40. Qd6 Kh7 41. a5 c4 42. axb6 axb6 43. Qxb6 c3 0-1

[Event "Scarborough CC Falling Leaves"]
[Site "Toronto CAN"]
[Date "2009.12.17"]
[Round "7"]
[White "Stewart, Frankie"]
[Black "Takov, Chris"]
[Result "1-0"]
[WhiteElo "1780"]
[BlackElo "1792"]
[PlyCount "53"]
[GameId "2160767910096082"]
[EventDate "2009.11.05"]
[EventType "swiss"]
[EventRounds "7"]
[EventCountry "CAN"]
[SourceTitle "EXT 2011"]
[Source "ChessBase"]
[SourceDate "2011.11.26"]
[SourceVersion "1"]
[SourceVersionDate "2011.11.26"]
[SourceQuality "1"]

1. e4 e5 2. Nf3 f5 3. Nc3 c6 4. Bc4 d6 5. O-O Nf6 6. d3 fxe4 7. dxe4 Nxe4 8. Nxe4 d5 9. Neg5 h6 10. Nf7 Kxf7 11. Nxe5+ Kg8 12. Bd3 c5 13. Qh5 Be6 14. f4 c4 15. Bf5 Qf6 16. Bxe6+ Qxe6 17. Ng6 Rh7 18. f5 Qf7 19. Bd2 Nd7 20. Bc3 Bc5+ 21. Kh1 Rf8 22. Qg4 Re8 23. Rae1 Rxe1 24. Rxe1 a5 25. Bd4 Bxd4 26. Qxd4 Qxf5 27. Ne7+ 1-0

[Event "Scarborough CC Falling Leaves"]
[Site "Toronto CAN"]
[Date "2009.12.17"]
[Round "7"]
[White "Yuan, Yuanling"]
[Black "Casareno, Erwin"]
[Result "1/2-1/2"]
[WhiteElo "2304"]
[BlackElo "2203"]
[PlyCount "38"]
[GameId "2160767910096083"]
[EventDate "2009.11.05"]
[EventType "swiss"]
[EventRounds "7"]
[EventCountry "CAN"]
[SourceTitle "EXT 2011"]
[Source "ChessBase"]
[SourceDate "2011.11.26"]
[SourceVersion "1"]
[SourceVersionDate "2011.11.26"]
[SourceQuality "1"]

1. e4 d5 2. exd5 Qxd5 3. Nc3 Qa5 4. d4 Nf6 5. Bc4 Bg4 6. f3 Bf5 7. Nge2 e6 8. O-O c6 9. Ng3 Nbd7 10. Nxf5 Qxf5 11. Bd3 Qh5 12. Bf4 Bb4 13. Ne4 Nxe4 14. fxe4 Qxd1 15. Raxd1 O-O 16. c3 Be7 17. Rf3 f5 18. Rdf1 b5 19. Bg3 g6 1/2-1/2

[Event "Scarborough CC Falling Leaves"]
[Site "Toronto CAN"]
[Date "2009.12.17"]
[Round "7"]
[White "Zhou, Kevin"]
[Black "Al Ganabi, Haqi"]
[Result "1/2-1/2"]
[WhiteElo "1870"]
[BlackElo "1915"]
[PlyCount "70"]
[GameId "2160767910096084"]
[EventDate "2009.11.05"]
[EventType "swiss"]
[EventRounds "7"]
[EventCountry "CAN"]
[SourceTitle "EXT 2011"]
[Source "ChessBase"]
[SourceDate "2011.11.26"]
[SourceVersion "1"]
[SourceVersionDate "2011.11.26"]
[SourceQuality "1"]

1. e4 e6 2. d4 d5 3. Nc3 Nf6 4. e5 Nfd7 5. Nce2 c5 6. c3 Nc6 7. a3 a6 8. f4 f5 9. Nf3 Be7 10. h4 h5 11. Be3 cxd4 12. Nexd4 Nc5 13. Ng5 Bxg5 14. hxg5 Ne4 15. Rxh5 Kf7 16. Qf3 Bd7 17. Qh3 Nxd4 18. Bxd4 Ba4 19. Bd3 g6 20. Rh7+ Rxh7 21. Qxh7+ Ke8 22. Qxg6+ Kd7 23. Qf7+ Qe7 24. Qxe7+ Kxe7 25. Bxe4 dxe4 26. Kf2 Rh8 27. Rg1 Rh4 28. g3 Rh2+ 29. Rg2 Rh1 30. g4 Bc6 31. Be3 Bb5 32. Kg3 Rf1 33. Bf2 Rd1 34. Bd4 Rf1 35. Rf2 Rg1+ 1/2-1/2

[Event "Scarborough CC Falling Leaves U1700"]
[Site "Toronto CAN"]
[Date "2009.09.10"]
[Round "1"]
[White "Al Ganabi, Zaidun"]
[Black "Mahoney, Ian"]
[Result "0-1"]
[WhiteElo "1360"]
[BlackElo "1516"]
[PlyCount "89"]
[GameId "2160767910096085"]
[EventDate "2009.11.05"]
[EventType "swiss"]
[EventRounds "7"]
[EventCountry "CAN"]
[SourceTitle "EXT 2011"]
[Source "ChessBase"]
[SourceDate "2011.11.26"]
[SourceVersion "1"]
[SourceVersionDate "2011.11.26"]
[SourceQuality "1"]

1. d4 Nf6 2. c4 c5 3. e3 Nc6 4. Nf3 cxd4 5. exd4 e6 6. Nc3 d5 7. Be3 Be7 8. Bd3 dxc4 9. Bxc4 O-O 10. O-O b6 11. Qe2 a6 12. Rfd1 b5 13. Bb3 Na5 14. Bc2 Nc4 15. Bd3 Nxe3 16. Qxe3 Bb7 17. Be2 Nd5 18. Nxd5 Qxd5 19. Qe5 Bf6 20. Qxd5 Bxd5 21. Ne5 Rfd8 22. b3 Bg5 23. Rd3 Rac8 24. Bf3 f6 25. Bxd5 Rxd5 26. Nf3 Bf4 27. g3 Bb8 28. Re3 e5 29. Rae1 Rc2 30. dxe5 fxe5 31. R3e2 Rdc5 32. Rxc2 Rxc2 33. a4 bxa4 34. bxa4 Ra2 35. Re4 Kf7 36. Kg2 Kf6 37. g4 Ba7 38. g5+ Kf5 39. Rxe5+ Kf4 40. Re8 Rxf2+ 41. Kh1 Kxf3 42. Rf8+ Kg4 43. Rxf2 Bxf2 44. Kg2 Bd4 45. h3+ 0-1

[Event "Scarborough CC Falling Leaves U1700"]
[Site "Toronto CAN"]
[Date "2009.09.10"]
[Round "1"]
[White "Huston, Scott"]
[Black "Du, Robert"]
[Result "1-0"]
[WhiteElo "1475"]
[BlackElo "1348"]
[PlyCount "63"]
[GameId "2160767910096086"]
[EventDate "2009.11.05"]
[EventType "swiss"]
[EventRounds "7"]
[EventCountry "CAN"]
[SourceTitle "EXT 2011"]
[Source "ChessBase"]
[SourceDate "2011.11.26"]
[SourceVersion "1"]
[SourceVersionDate "2011.11.26"]
[SourceQuality "1"]

1. c4 d6 2. g3 Nc6 3. Bg2 Bd7 4. Nf3 Qc8 5. Nc3 Nf6 6. d4 Bh3 7. O-O Bxg2 8. Kxg2 Qd7 9. e4 O-O-O 10. Qa4 e5 11. d5 Nb8 12. Qxa7 h5 13. Qa8 Be7 14. Be3 Qg4 15. h3 Qg6 16. Ba7 Kd7 17. Nh4 Qh7 18. Qxb7 Rc8 19. f3 g5 20. Nf5 g4 21. fxg4 hxg4 22. h4 Nh5 23. Rh1 Bxh4 24. Rxh4 Qg6 25. Bxb8 Nf4+ 26. gxf4 Rxh4 27. Nxh4 Qh6 28. Rh1 Qxf4 29. Rf1 Qh6 30. Qc6+ Kd8 31. Rxf7 Qxh4 32. Qd7# 1-0

[Event "Scarborough CC Falling Leaves U1700"]
[Site "Toronto CAN"]
[Date "2009.09.10"]
[Round "1"]
[White "Roe, Jim"]
[Black "Pishdad, Hassan"]
[Result "0-1"]
[WhiteElo "1561"]
[BlackElo "1376"]
[PlyCount "76"]
[GameId "2160767910096087"]
[EventDate "2009.11.05"]
[EventType "swiss"]
[EventRounds "7"]
[EventCountry "CAN"]
[SourceTitle "EXT 2011"]
[Source "ChessBase"]
[SourceDate "2011.11.26"]
[SourceVersion "1"]
[SourceVersionDate "2011.11.26"]
[SourceQuality "1"]

1. d4 Nf6 2. c4 e6 3. Nc3 d5 4. e3 Bb4 5. Bd2 O-O 6. Rc1 c6 7. Nf3 Nbd7 8. Bd3 dxc4 9. Bxc4 Nb6 10. Be2 Bd7 11. O-O Re8 12. Ne5 Bd6 13. Nxd7 Qxd7 14. e4 e5 15. d5 Bb4 16. dxc6 bxc6 17. f3 Bc5+ 18. Kh1 Bd4 19. Qc2 Rac8 20. Rfd1 Qb7 21. Qb3 Qa8 22. Qa3 c5 23. Bb5 Rf8 24. Bg5 Nbd7 25. Bc4 h6 26. Bh4 g5 27. Bg3 Nh5 28. Ne2 Qb8 29. Rb1 Nb6 30. Rdc1 Rc7 31. Ba6 Nf4 32. Bxf4 exf4 33. Nxd4 cxd4 34. Rxc7 Qxc7 35. Qd3 Rd8 36. Qd2 Nc4 37. Qc2 d3 38. Bxc4 dxc2 0-1

[Event "Scarborough CC Falling Leaves U1700"]
[Site "Toronto CAN"]
[Date "2009.09.10"]
[Round "1"]
[White "Rogers, Michael"]
[Black "Veecock, Carl"]
[Result "0-1"]
[WhiteElo "1440"]
[BlackElo "1641"]
[PlyCount "100"]
[GameId "2160767910096088"]
[EventDate "2009.11.05"]
[EventType "swiss"]
[EventRounds "7"]
[EventCountry "CAN"]
[SourceTitle "EXT 2011"]
[Source "ChessBase"]
[SourceDate "2011.11.26"]
[SourceVersion "1"]
[SourceVersionDate "2011.11.26"]
[SourceQuality "1"]

1. e4 c6 2. d4 d5 3. Nc3 dxe4 4. Nxe4 e5 5. Be3 Nf6 6. Nxf6+ Qxf6 7. Nf3 Bg4 8. Be2 Bxf3 9. Bxf3 Nd7 10. Qe2 Bb4+ 11. c3 Bd6 12. O-O O-O 13. Rad1 Rfe8 14. Be4 Nf8 15. Qg4 exd4 16. Bg5 Qe6 17. Bf5 Qe5 18. g3 Qe2 19. Qxd4 Be5 20. Qb4 Qb5 21. Qxb5 cxb5 22. Be4 f6 23. Bxb7 fxg5 24. Bxa8 Rxa8 25. Rd5 Bf6 26. Rxb5 Nd7 27. Rb7 Nc5 28. Rc7 Nd3 29. b4 Be5 30. Rc6 Nb2 31. c4 Rd8 32. Rb1 Rd1+ 33. Rxd1 Nxd1 34. a4 Nc3 35. Ra6 Bb8 36. a5 Na2 37. b5 Nb4 38. Re6 Kf7 39. Re4 a6 40. c5 Nd5 41. b6 Ne7 42. f4 Nc6 43. Ra4 gxf4 44. Rxf4+ Bxf4 45. gxf4 Nxa5 46. Kf2 Ke6 47. Ke3 Kd5 48. f5 Kxc5 49. h4 Nc4+ 50. Kd3 Nxb6 0-1

[Event "Scarborough CC Falling Leaves U1700"]
[Site "Toronto CAN"]
[Date "2009.09.10"]
[Round "1"]
[White "Seedhouse, Jeff"]
[Black "Azmitia, Gabriel"]
[Result "1-0"]
[WhiteElo "1578"]
[BlackElo "1428"]
[PlyCount "61"]
[GameId "2160767910096089"]
[EventDate "2009.11.05"]
[EventType "swiss"]
[EventRounds "7"]
[EventCountry "CAN"]
[SourceTitle "EXT 2011"]
[Source "ChessBase"]
[SourceDate "2011.11.26"]
[SourceVersion "1"]
[SourceVersionDate "2011.11.26"]
[SourceQuality "1"]

1. e4 e5 2. Nf3 Nc6 3. d4 exd4 4. c3 dxc3 5. Nxc3 Bb4 6. Bc4 h6 7. O-O Bxc3 8. bxc3 d6 9. Qb3 Qf6 10. Re1 Ne5 11. Nxe5 dxe5 12. Ba3 Ne7 13. Rad1 O-O 14. Re3 Re8 15. Rf3 Nf5 16. exf5 a5 17. h3 Rb8 18. Bb5 Rd8 19. Rxd8+ Qxd8 20. Qc2 Qf6 21. Qe4 Bxf5 22. Qxf5 Qxf5 23. Rxf5 f6 24. Kf1 Kf7 25. Bc4+ Kg6 26. Rf3 e4 27. Re3 f5 28. f3 exf3 29. gxf3 Rd8 30. Ke2 Kg5 31. Be7+ 1-0

[Event "Scarborough CC Falling Leaves U1700"]
[Site "Toronto CAN"]
[Date "2009.09.10"]
[Round "1"]
[White "Walker, John"]
[Black "Karpik, Steve"]
[Result "1-0"]
[WhiteElo "1362"]
[BlackElo "1522"]
[PlyCount "27"]
[GameId "2160767910096090"]
[EventDate "2009.11.05"]
[EventType "swiss"]
[EventRounds "7"]
[EventCountry "CAN"]
[SourceTitle "EXT 2011"]
[Source "ChessBase"]
[SourceDate "2011.11.26"]
[SourceVersion "1"]
[SourceVersionDate "2011.11.26"]
[SourceQuality "1"]

1. Nf3 Nf6 2. d4 g6 3. Nc3 Bg7 4. e4 d6 5. Bf4 O-O 6. Qd2 Nbd7 7. h3 c5 8. O-O-O Qa5 9. Kb1 a6 10. e5 cxd4 11. Qxd4 dxe5 12. Bxe5 Nxe5 13. Qxe5 Be6 14. Qxa5 1-0

[Event "Scarborough CC Falling Leaves U1700"]
[Site "Toronto CAN"]
[Date "2009.09.10"]
[Round "1"]
[White "Xie, Peter"]
[Black "Philip, Andrew"]
[Result "1/2-1/2"]
[WhiteElo "1366"]
[BlackElo "1550"]
[PlyCount "47"]
[GameId "2160767910096092"]
[EventDate "2009.11.05"]
[EventType "swiss"]
[EventRounds "7"]
[EventCountry "CAN"]
[SourceTitle "EXT 2011"]
[Source "ChessBase"]
[SourceDate "2011.11.26"]
[SourceVersion "1"]
[SourceVersionDate "2011.11.26"]
[SourceQuality "1"]

1. e4 d5 2. exd5 Qxd5 3. Nc3 Qd6 4. d4 Nf6 5. Nf3 Bf5 6. Bc4 e6 7. O-O c6 8. Re1 Be7 9. h3 O-O 10. Bg5 Nbd7 11. Nh4 Bg6 12. Nxg6 hxg6 13. Qe2 Nb6 14. Rad1 Nfd5 15. Bxe7 Qxe7 16. Nxd5 cxd5 17. Bb3 Qc7 18. Rc1 Rac8 19. c4 dxc4 20. Bxc4 Qd6 21. Red1 Nd5 22. Bxd5 Qxd5 23. Rxc8 Rxc8 24. b3 1/2-1/2

[Event "Scarborough CC Falling Leaves U1700"]
[Site "Toronto CAN"]
[Date "2009.11.05"]
[Round "1"]
[White "Dattani, Dinesh"]
[Black "Karpik, Steve"]
[Result "0-1"]
[WhiteElo "1365"]
[BlackElo "1528"]
[PlyCount "56"]
[GameId "2160767910096093"]
[EventDate "2009.11.05"]
[EventType "swiss"]
[EventRounds "7"]
[EventCountry "CAN"]
[SourceTitle "EXT 2011"]
[Source "ChessBase"]
[SourceDate "2011.11.26"]
[SourceVersion "1"]
[SourceVersionDate "2011.11.26"]
[SourceQuality "1"]

1. e4 d6 2. d4 Nf6 3. Nc3 g6 4. Nf3 Bg7 5. Bc4 O-O 6. O-O a6 7. a4 Nbd7 8. Re1 e5 9. Bg5 h6 10. Bh4 Qe8 11. Bxf6 Nxf6 12. dxe5 dxe5 13. Qd3 Bg4 14. Nh4 Rd8 15. Qg3 Rd4 16. b3 Qd7 17. f3 Nh5 18. Qf2 Be6 19. Rad1 c6 20. Bxe6 Qxe6 21. Ne2 Rd7 22. Qb6 Rfd8 23. Nc3 Bf6 24. Qf2 Rd4 25. a5 Nf4 26. Qg3 Rxd1 27. Rxd1 Rxd1+ 28. Nxd1 Ne2+ 0-1

[Event "Scarborough CC Falling Leaves U1700"]
[Site "Toronto CAN"]
[Date "2009.11.05"]
[Round "1"]
[White "Hossain, Samir"]
[Black "Farhang, Arvin"]
[Result "0-1"]
[WhiteElo "1470"]
[BlackElo "1599"]
[PlyCount "36"]
[GameId "2160767910096094"]
[EventDate "2009.11.05"]
[EventType "swiss"]
[EventRounds "7"]
[EventCountry "CAN"]
[SourceTitle "EXT 2011"]
[Source "ChessBase"]
[SourceDate "2011.11.26"]
[SourceVersion "1"]
[SourceVersionDate "2011.11.26"]
[SourceQuality "1"]

1. d4 d5 2. Nf3 c5 3. c3 Nc6 4. Bf4 Nf6 5. e3 Bf5 6. Nh4 Bd7 7. Bd3 e6 8. Nf3 Be7 9. Nbd2 O-O 10. Ne5 cxd4 11. exd4 Bc8 12. Qf3 Qb6 13. Qh3 Rd8 14. O-O h6 15. Ng4 Nxg4 16. Qxg4 e5 17. Bf5 Bxf5 18. Qxf5 exf4 0-1

[Event "Scarborough CC Falling Leaves U1700"]
[Site "Toronto CAN"]
[Date "2009.11.05"]
[Round "1"]
[White "Huston, Scott"]
[Black "Al Ganabi, Yasir"]
[Result "1-0"]
[WhiteElo "1605"]
[BlackElo "1476"]
[PlyCount "73"]
[GameId "2160767910096095"]
[EventDate "2009.11.05"]
[EventType "swiss"]
[EventRounds "7"]
[EventCountry "CAN"]
[SourceTitle "EXT 2011"]
[Source "ChessBase"]
[SourceDate "2011.11.26"]
[SourceVersion "1"]
[SourceVersionDate "2011.11.26"]
[SourceQuality "1"]

1. c4 c5 2. g3 Nf6 3. Bg2 d6 4. Nc3 Be6 5. Bxb7 Nbd7 6. Bxa8 Qxa8 7. Nf3 Bxc4 8. d3 Bd5 9. Nxd5 Nxd5 10. e4 N5b6 11. O-O c4 12. Re1 cxd3 13. Qxd3 e5 14. Be3 d5 15. Bxb6 dxe4 16. Rxe4 axb6 17. Nxe5 Nc5 18. Nc6+ Nxe4 19. Qxe4+ Kd7 20. Ne5+ Ke6 21. Qxa8 Kxe5 22. Re1+ Kd6 23. Re8 h5 24. Rxf8 Rxf8 25. Qxf8+ Ke6 26. Qb4 f5 27. Qxb6+ Ke5 28. a4 g5 29. a5 f4 30. a6 fxg3 31. a7 gxf2+ 32. Kxf2 Kf4 33. a8=Q h4 34. Qe3+ Kf5 35. Qf8+ Kg6 36. Qe6+ Kh5 37. Qh8# 1-0

[Event "Scarborough CC Falling Leaves U1700"]
[Site "Toronto CAN"]
[Date "2009.11.05"]
[Round "1"]
[White "Mahoney, Ian"]
[Black "Huston, Scott"]
[Result "1/2-1/2"]
[WhiteElo "1494"]
[BlackElo "1605"]
[PlyCount "82"]
[GameId "2160767910096096"]
[EventDate "2009.11.05"]
[EventType "swiss"]
[EventRounds "7"]
[EventCountry "CAN"]
[SourceTitle "EXT 2011"]
[Source "ChessBase"]
[SourceDate "2011.11.26"]
[SourceVersion "1"]
[SourceVersionDate "2011.11.26"]
[SourceQuality "1"]

1. e4 c5 2. Nf3 d6 3. d4 cxd4 4. Nxd4 Nf6 5. Nc3 a6 6. Be3 Ng4 7. Bg5 Qb6 8. Nd5 Qa5+ 9. b4 Qd8 10. Be2 Ne5 11. f4 Nec6 12. O-O f6 13. Bh4 Nxd4 14. Qxd4 Nc6 15. Qc3 Be6 16. Kh1 Rc8 17. Qg3 Bf7 18. Bg4 e6 19. Rae1 exd5 20. exd5+ Ne7 21. Bxc8 Qxc8 22. f5 Kd7 23. c4 Qxc4 24. Rc1 Qxd5 25. Rcd1 Qe5 26. Qf3 Nc6 27. Bg3 Qb5 28. a3 Bc4 29. Rf2 Ne5 30. Bxe5 fxe5 31. f6 gxf6 32. Qxf6 Rg8 33. Qf5+ Be6 34. Qxh7+ Be7 35. Rfd2 Ke8 36. Rc2 Rf8 37. Qh5+ Kd7 38. Rcc1 Rf2 39. Qh8 Rf8 40. Qg7 Rf7 41. Qh8 Bd8 1/2-1/2

[Event "Scarborough CC Falling Leaves U1700"]
[Site "Toronto CAN"]
[Date "2009.11.05"]
[Round "1"]
[White "Rogers, Michael"]
[Black "Philip, Andrew"]
[Result "0-1"]
[WhiteElo "1450"]
[BlackElo "1566"]
[PlyCount "82"]
[GameId "2160767910096097"]
[EventDate "2009.11.05"]
[EventType "swiss"]
[EventRounds "7"]
[EventCountry "CAN"]
[SourceTitle "EXT 2011"]
[Source "ChessBase"]
[SourceDate "2011.11.26"]
[SourceVersion "1"]
[SourceVersionDate "2011.11.26"]
[SourceQuality "1"]

1. e4 d5 2. exd5 Qxd5 3. Nc3 Qd6 4. d4 Nf6 5. Nf3 c6 6. Ne5 Bf5 7. Bf4 Qd8 8. Bc4 e6 9. O-O Be7 10. Re1 O-O 11. Qd2 Nbd7 12. Rad1 Nb6 13. Bd3 Bxd3 14. Qxd3 Nbd5 15. Nxd5 cxd5 16. Re3 Ne4 17. Rh3 f6 18. Ng4 f5 19. Ne5 g5 20. f3 gxf4 21. fxe4 fxe4 22. Qe2 Rf5 23. Qg4+ Bg5 24. Qh5 Qe7 25. Rf1 Raf8 26. Ng6 Qg7 27. Nxf8 Rxf8 28. c3 h6 29. Qg4 Rf5 30. b4 a6 31. a4 b6 32. Kh1 Qf6 33. Qe2 e5 34. Qxa6 Qd8 35. dxe5 Rxe5 36. a5 Re6 37. Rd1 e3 38. Qd3 bxa5 39. bxa5 Qxa5 40. Qxd5 Qxd5 41. Rxd5 e2 0-1

[Event "Scarborough CC Falling Leaves U1700"]
[Site "Toronto CAN"]
[Date "2009.11.05"]
[Round "1"]
[White "Super, Russell"]
[Black "Al Ganabi, Zaidun"]
[Result "1/2-1/2"]
[WhiteElo "1530"]
[BlackElo "1382"]
[PlyCount "82"]
[GameId "2160767910096098"]
[EventDate "2009.11.05"]
[EventType "swiss"]
[EventRounds "7"]
[EventCountry "CAN"]
[SourceTitle "EXT 2011"]
[Source "ChessBase"]
[SourceDate "2011.11.26"]
[SourceVersion "1"]
[SourceVersionDate "2011.11.26"]
[SourceQuality "1"]

1. e4 e5 2. Nf3 Nc6 3. Bb5 a6 4. Ba4 Bc5 5. O-O d6 6. d4 exd4 7. Nxd4 Bd7 8. Be3 Nxd4 9. Bxd7+ Qxd7 10. Bxd4 Bxd4 11. Qxd4 Nf6 12. c4 O-O 13. Nc3 Rfe8 14. Rae1 Re7 15. f4 Rae8 16. Rf3 Qc6 17. Rfe3 Qd7 18. h3 b6 19. Nd5 Nxd5 20. Qxd5 Re6 21. Qd2 Qa4 22. b3 Qc6 23. e5 Qc5 24. Qd5 Qb4 25. exd6 Qxe1+ 26. Rxe1 Rxe1+ 27. Kh2 cxd6 28. Qxd6 R1e6 29. Qd4 h6 30. b4 Re2 31. Qxb6 Rxa2 32. c5 Rb2 33. c6 Ree2 34. Qd8+ Kh7 35. Qd1 Rxg2+ 36. Kh1 Rh2+ 37. Kg1 Rhg2+ 38. Kf1 Rgf2+ 39. Kg1 Rg2+ 40. Kf1 Rgf2+ 41. Kg1 Rfc2 1/2-1/2

[Event "Scarborough CC Falling Leaves U1700"]
[Site "Toronto CAN"]
[Date "2009.11.05"]
[Round "1"]
[White "Vora, Hanz"]
[Black "Luo, Yutong"]
[Result "0-1"]
[WhiteElo "1110"]
[BlackElo "1454"]
[PlyCount "108"]
[GameId "2160767910096099"]
[EventDate "2009.11.05"]
[EventType "swiss"]
[EventRounds "7"]
[EventCountry "CAN"]
[SourceTitle "EXT 2011"]
[Source "ChessBase"]
[SourceDate "2011.11.26"]
[SourceVersion "1"]
[SourceVersionDate "2011.11.26"]
[SourceQuality "1"]

1. e4 e5 2. Nf3 Nc6 3. Bc4 Nf6 4. d3 Be7 5. Nc3 d6 6. O-O Bg4 7. Be3 O-O 8. h3 Be6 9. Bb3 Bxb3 10. axb3 d5 11. Qd2 d4 12. Bxd4 exd4 13. Ne2 h6 14. c3 dxc3 15. bxc3 Nh7 16. c4 Bb4 17. Qe3 Re8 18. Rfd1 Qe7 19. Nf4 Ng5 20. Nd5 Nxf3+ 21. Qxf3 Qd8 22. Qg3 Bd6 23. Qe3 f5 24. Qf3 fxe4 25. dxe4 Qh4 26. Re1 Rf8 27. Qe3 Rf7 28. c5 Be5 29. Rad1 Raf8 30. Re2 Nd8 31. Rf1 Ne6 32. Ra2 Bd4 33. Qe2 Bxc5 34. b4 Bd4 35. Rd2 c6 36. Ne3 Qxe4 37. Re1 Nf4 38. Qf1 Bxe3 39. Rxe3 Qxb4 40. Rd1 Nd5 41. Rg3 a5 42. Rg4 Qe7 43. Re1 Qc7 44. Qe2 b5 45. Ra1 Qb6 46. Rf1 a4 47. Qb2 Ne3 48. fxe3 Rxf1+ 49. Kh2 Qc7+ 50. Rg3 Rh1+ 51. Kxh1 Qxg3 52. Qa2+ Kh8 53. Qb1 Rf2 54. Qg1 a3 0-1

[Event "Scarborough CC Falling Leaves U1700"]
[Site "Toronto CAN"]
[Date "2009.11.05"]
[Round "1"]
[White "Xie, Peter"]
[Black "Souchko, Larissa"]
[Result "1-0"]
[WhiteElo "1514"]
[BlackElo "1248"]
[PlyCount "63"]
[GameId "2160767910096100"]
[EventDate "2009.11.05"]
[EventType "swiss"]
[EventRounds "7"]
[EventCountry "CAN"]
[SourceTitle "EXT 2011"]
[Source "ChessBase"]
[SourceDate "2011.11.26"]
[SourceVersion "1"]
[SourceVersionDate "2011.11.26"]
[SourceQuality "1"]

1. e4 c5 2. Nf3 d6 3. d4 b6 4. Bb5+ Bd7 5. Bxd7+ Nxd7 6. O-O Ngf6 7. Nc3 e5 8. d5 a6 9. a4 Be7 10. Ng5 O-O 11. f4 exf4 12. Bxf4 g6 13. Nf3 Nh5 14. Bh6 Re8 15. Qd2 Bf6 16. Ng5 Ne5 17. h3 Nc4 18. Qc1 Bd4+ 19. Kh2 Ra7 20. g4 Be5+ 21. Kg2 Nf6 22. b3 Na5 23. Qe3 Qc8 24. Qf3 Ree7 25. Rad1 Kh8 26. Qf2 Ng8 27. Qh4 f6 28. Ne2 Re8 29. Nf3 Nxh6 30. Qxh6 Nb7 31. Nxe5 fxe5 32. Rf7 1-0